000 00495nam a2200181Ia 4500
003 OSt
005 20241206155723.0
008 210716s1975 xx 000 0 und d
040 _cAIMIT LIBRARY
041 _aeng
082 _a808.83
_21
_bDRUA
100 _aDrury, Allen.
_9188448
245 _aPromise of joy /
_cBy Allen Drury
250 _a1st ed.
260 _aNew York :
_bDoubleday and Company, Inc ;
_c1975.
300 _a445p. ;
_bPB
_c21 cm.
942 _2ddc
_cBK
_e1st ed.
_k808.83 DRUA
999 _c199923
_d199923